|
|
|
|
| LEADER |
00000cam a2200000 7i4500 |
| 001 |
0000089111 |
| 005 |
20120801.0 |
| 008 |
100526 bm |
| 020 |
|
|
|a 9679481484
|
| 090 |
0 |
0 |
|a J 959.5 SIR
|
| 100 |
1 |
|
|a Asmad
|
| 245 |
1 |
0 |
|a Kedah
|c Asmad
|
| 260 |
|
|
|a Melaka :
|b AED Sdn.Bhd ,
|c 1987
|
| 300 |
|
|
|a 76p. :
|b ill. ;
|c 22cm.
|
| 440 |
|
0 |
|a Siri Lambaian Nusa
|
| 650 |
0 |
0 |
|a Readers
|
| 999 |
|
|
|a 0000114281
|b Buku
|c Koleksi Pinjaman Kanak-Kanak
|e Perpustakaan Cawangan Masjid Tanah
|
| 999 |
|
|
|a 0000121117
|b Buku
|c Koleksi Pinjaman Kanak-Kanak
|e Perpustakaan Cawangan Masjid Tanah
|
| 999 |
|
|
|a 492
|b Buku
|c Koleksi Pinjaman Kanak-Kanak
|e Perpustakaan Cawangan Masjid Tanah
|